Movies Quiz

Random Movies or Superhero Quiz

Mystery Men Quiz Stats

 Plays Quiz Updated Feb 26, 2020

Support Sporcle.
Go Orange.
Score 0/7 Timer 02:00
0 Plays Today
'Hero' % Correct
The Bowler
81.1%
The Shoveler
80.9%
Invisible Boy
68.7%
The Blue Raja
67.9%
Mr. Furious
65.5%
The Spleen
61.6%
The Sphinx
46.3%

From the Vault

Novels by Map II

by 777Shrek

Getting lost in a book is encouraged.
Remove Ads.
Support Sporcle.
Get the best of Sporcle when you Go Orange. This ad-free experience offers more features, more stats, and more fun while also helping to support Sporcle. Thank you for becoming a member.

Show Comments

Extras

Top Quizzes Today


Score Distribution

Your Account Isn't Verified!

In order to create a playlist on Sporcle, you need to verify the email address you used during registration. Go to your Sporcle Settings to finish the process.

Report this User

Report this user for behavior that violates our Community Guidelines.

Details: